Vapor-Liquid Equilibrium Data Collection. Vol.I, Part 1a : Aqueous-Organic Systems (Supplement 1 /

Gespeichert in:
Bibliographische Detailangaben
Hauptverfasser: Onken, Ulfert (Verfasst von), Arlt, Wolfgang (Verfasst von), Gmehling, Jürgen (Verfasst von)
Format: Buch
Sprache:Englisch
Veröffentlicht: Frankfurt/Main : Dechema Gesellschaft für Chemische Technik und Biotechnologie e.V., 1981
Schriftenreihe:Chemistry Data Series
Tags: Tag hinzufügen
Keine Tags, Fügen Sie das erste Tag hinzu!

MARC

LEADER 00000nam a22000003a 4500
001 stu21136
005 20150617225753.2
008 950330s1981----gw------------------eng-d
020 |a 3-921-567-33-X 
040 |a STU  |b slo 
041 0 |a eng 
044 |a gw 
080 |a 541.121/.123 
100 1 |a Onken, Ulfert  |4 aut 
245 1 |a Vapor-Liquid Equilibrium Data Collection. Vol.I, Part 1a :  |b Aqueous-Organic Systems (Supplement 1 /  |c [aut.]Gmehling,Jurgen, Onken,Ulfert, Arlt,Wolfgang 
260 |a Frankfurt/Main :  |b Dechema Gesellschaft für Chemische Technik und Biotechnologie e.V.,  |c 1981 
300 |a 715 s :  |b Tab.,grafy,index 
700 1 |a Arlt, Wolfgang  |4 aut 
700 1 |a Gmehling, Jürgen  |4 aut 
830 0 |a Chemistry Data Series 
996 |b C91297  |c C*91297  |l CCXVIII  |s P  |a 0  |w stu21136_0001